| 000 | 00823nam a22003257a 4500 | ||
|---|---|---|---|
| 001 | BR9701550 | ||
| 003 | BR-BrBNA | ||
| 005 | 20230928095356.0 | ||
| 007 | ta | ||
| 008 | 230509b bl.||||| |||| 00| 0 por d | ||
| 040 |
_aBR-BrBNA _bpor _cBiblioteca Nacional de Agricultura |
||
| 041 | _a(Por) | ||
| 072 |
_aL01 _bBibliography p. 645-654; 53 illus. |
||
| 090 | _ Bibl BR9701550 | ||
| 100 | 1 | _aTorres, A.D.P. | |
| 100 | 1 | _aJardim, W.R. | |
| 245 | 1 | _aCriacao de cavalo e de equinos | |
| 250 | 1 | _a2. ed. | |
| 260 | 3 |
_aSao Paulo, SP (Brasil): _bNobel S.A., _c1979. |
|
| 300 | _a654 p. | ||
| 500 | _a51205100 | ||
| 650 | _aCavalo | ||
| 650 | _aEquino | ||
| 650 | _aCriacao | ||
| 650 | _aRaca | ||
| 650 | _aAdestramento | ||
| 650 | _aProducao Animal | ||
| 909 |
_a202309 _bLucia _c55 _dLucia Elande |
||
| 942 | _cBK | ||
| 999 |
_c56200 _d56200 |
||